000 00635aas a2200229 4500
999 _c1556
_d1556
003 BR-BrBNA
005 20230317233229.0
007 ta
008 230119b bl ||||| |||| 00| 0 por d
035 _a000485-5
040 _aBR-BrBNA
_bPor
_cBR-BrBNA
042 _a011846-X
044 _abl
245 _aBoletim da Comissão Executiva do Leite (Brazil)
260 _aRio de Janeiro-RJ
_bComissão Executiva do Leite
_c1942. Data final de publicação em 1946
_eBRJ
270 _aAv. Pres. Wilson, 164 - 12º andar
310 _amensal
505 _a1942-46 1-5(1-57);
650 1 2 _gLEITE
909 _a56
_bSergio Santos
_c56
_dSergio Santos
942 _cCR
_2AGRIS